000 00619nam a2200205 a 4500
001 000013184
005 20240412074238.0
008 091120s1992 dr a 000 f spa d
040 _aDO-SdBNP
_bspa
_cBNPHU
082 _aRD863.44
_bV145p
100 1 _aValdez, Diógenes
_922958
245 1 3 _aLa pinacoteca de un burgués /
_cDiógenes Valdez.
260 _aSanto Domingo, :
_bTaller,
_c1992.
300 _a137 p. :
_bil. ;
_c20 cm.
490 1 _aBiblioteca taller
_vv. 283
650 0 _aCuentos dominicanos
_9176
650 0 _aLiteratura dominicana.
_967
830 0 _aBiblioteca taller
_vNo. 283
_9164
049 _aBNPD
999 _c12823
_d12823